000 00974njm a2200313 c 4500
003 BLK
005 20180421002844.0
008 180410b bul||n||s|||||||| n|bulo|
010 _aCDD00010401000
040 _aBLK
041 _aDEU
_cDEU
072 7 _2bullib
_aН9901
_xНемска читалня - музика Н
080 _aСалонни и танцови оркестри. Естраден оркестър. Джаз. Рок
_b785.161
_x
_z785.161
700 1 _aDE PHAZZ
_eизп.
_9353629
139 _aDE PHAZZ
_bD 29
245 1 0 _aPrivate [CD аудио]
_cизп. DE PHAZZ.
257 _aDEU
260 Hamburg
_bEdel Rec.
_c2016
300 _c12 cm. Stereo
306 _a41мин. 13сек.
380 _a7
650 4 _aДжаз
_9153283
653 _aджаз
852 _aЦб CD 4380
_p0
856 4 _qpdf
_u
856 4 _qpdf
_u
942 _cCDD
_n0
944 _aCR
_c22.08.2017
_kТеодора_Стоянова
944 _aED
_c22.08.2017
_kТеодора_Стоянова
999 _c229686
_d229686